| 000 | 01050pam a2200289 a 4500 | ||
|---|---|---|---|
| 001 | 2896679 | ||
| 003 | NUST-PNEC | ||
| 005 | 20170116180705.0 | ||
| 008 | 871110s1988 nyua bf 001 0 eng | ||
| 010 | _a 87033777 | ||
| 020 | _a0070335281 | ||
| 040 |
_aDLC _cDLC _dDLC |
||
| 050 | 0 | 0 |
_aTK7825 _b.H377 1988 |
| 082 | 0 | 0 |
_a621.381 KAU _219 |
| 100 |
_9333 _aKaufman, Milton |
||
| 245 | 0 | 0 |
_aHandbook of electronics calculations for engineers and technicians / _ceditors, Milton Kaufman, Arthur H. Seidman. |
| 250 | _a2nd ed. | ||
| 260 |
_aNew York : _bMcGraw-Hill, _cc1988. |
||
| 300 |
_a1 v. (various pagings) : _bill. ; _c24 cm. |
||
| 500 | _aIncludes Index http://www.amazon.com/Handbook-Electronics-Calculations-Engineers-Technicians/dp/0070335281/ref=sr_1_1?s=books&ie=UTF8&qid=1411362108&sr=1-1&keywords=0070335281 | ||
| 504 | _aIncludes bibliographies and index. | ||
| 650 | 0 |
_aElectronics _xEL |
|
| 700 | 1 | _aKaufman, Milton. | |
| 700 | 1 | _aSeidman, Arthur H. | |
| 906 |
_a7 _bcbc _corignew _d1 _eocip _f19 _gy-gencatlg |
||
| 942 |
_2ddc _cBK |
||
| 999 |
_c60708 _d60708 |
||